| 000 | 00606nam a2200205 a 4500 | ||
|---|---|---|---|
| 005 | 20210223131809.0 | ||
| 008 | 120809s2009 mx r 000 0 spa d | ||
| 020 | _a9788492695089 | ||
| 035 | _aUPN01000186073 | ||
| 049 | _aCG | ||
| 050 | 4 |
_aPT8951.13 H4.7 _bB4.3 |
|
| 100 | 1 |
_aChristensen, Lars Saabye, _d1953- _932488 |
|
| 245 | 1 | 0 |
_aBeatles / _cLars Saabye Christensen ; tr. Kirsti Baggethun. |
| 260 |
_aMadrid, Esp. : _bMaeva, _cc2009. |
||
| 300 | _a525 p. | ||
| 440 | 0 | _aLittera | |
| 610 | 2 | 4 |
_aBEATLES (GRUPO MUSICAL) - _vNOVELA _921077 |
| 650 | 4 |
_aADOLESCENTES - _vNOVELA _921073 |
|
| 905 | _aLibro | ||
| 999 |
_c158176 _d158176 |
||